Central Library OPAC University of Rajshahi

The speaking tree: (Record no. 25216)

MARC details
000 -LEADER
fixed length control field 00834cam a2200277 4500
001 - CONTROL NUMBER
control field 25216
003 - CONTROL NUMBER IDENTIFIER
rucl marc code BD-RjUL
005 - DATE AND TIME OF LATEST TRANSACTION
control field 20211209050840.0
008 - FIXED-LENGTH DATA ELEMENTS--GENERAL INFORMATION
fixed length control field 140316s1971 enkaf b 001 0 eng
020 ## - INTERNATIONAL STANDARD BOOK NUMBER
International Standard Book Number 0192151770
035 ## - SYSTEM CONTROL NUMBER
System control number (BD-RjUL)25285
040 ## - CATALOGING SOURCE
Original cataloging agency DLC
Transcribing agency DLC
Modifying agency DLC
Language of cataloging eng
041 ## - LANGUAGE CODE
Language code of text/sound track or separate title eng
082 00 - DEWEY DECIMAL CLASSIFICATION NUMBER
Classification number 915.403
Author mark and year LAS 1971
100 1# - MAIN ENTRY--PERSONAL NAME
Personal name Lannoy, Richard.
9 (RLIN) 77559
245 14 - TITLE STATEMENT
Title The speaking tree:
Remainder of title a study of Indian culture and society /
Statement of responsibility, etc. Richard Lannoy
260 ## - PUBLICATION, DISTRIBUTION, ETC. (IMPRINT)
Place of publication, distribution, etc. London :
-- New York :
Name of publisher, distributor, etc. Oxford University Press,
Date of publication, distribution, etc. 1971.
300 ## - PHYSICAL DESCRIPTION
Pagination xxvii, 466 p. :
Size 24 cm.
Illustrations , 25 plates; illus. (incl. 1 col.) ;
350 ## - PRICE (NR) (BK AM CF MU VM SE) [OBSOLETE]
Price £5.50
504 ## - BIBLIOGRAPHY, ETC. NOTE
Bibliography, etc Includes index
650 #0 - SUBJECT ADDED ENTRY--TOPICAL TERM
Topical term or geographic name as entry element Religion and state
Geographic subdivision India.
9 (RLIN) 77560
651 #0 - SUBJECT ADDED ENTRY--GEOGRAPHIC NAME
Geographic name India
General subdivision Civilization.
9 (RLIN) 77561
942 ## - ADDED ENTRY ELEMENTS (KOHA)
Source of classification or shelving scheme Dewey Decimal Classification
Koha item type Books
Holdings
Lost status Source of classification or shelving scheme Damaged status Not for loan Collection code Permanent Location Current Location Shelving location Date acquired Source of acquisition Cost, normal purchase price Total Checkouts Full call number Date last seen Copy number Koha item type
  Dewey Decimal Classification   Added to bundle Non-fiction Central Library, University of Rajshahi Central Library, University of Rajshahi Reading Room 06/07/1974 India Govt 0.00   915.403 LAS 1971 16/03/2014 C-1 Books